|
|
|
|
| LEADER |
01838nam a2200337 a 4500 |
| 001 |
14560 |
| 003 |
BD-DhAAL |
| 008 |
090525r20041999njua b 001 0 eng d |
| 010 |
|
|
|a \\\98050525
|
| 020 |
|
|
|a 013805326X (pbk.)
|
| 020 |
|
|
|a 8120316010
|
| 020 |
|
|
|a 8177582933
|
| 040 |
|
|
|a DLC
|c DLC
|d DLC
|d BD-DhAAL
|
| 082 |
0 |
0 |
|a 537.6
|2 21
|
| 100 |
1 |
|
|a Griffiths, David J.
|q (David Jeffery),
|d 1942-
|9 2901
|
| 245 |
1 |
0 |
|a Introduction to electrodynamics /
|c David J. Griffiths.
|
| 250 |
|
|
|a Third edition.
|
| 264 |
|
|
|a Upper Saddle River, N.J. :
|b Prentice Hall ;
|a India :
|b Prentice Hall of India ;
|b Pearson Education,
|c c1999 [reprinted 2004, 2006].
|
| 300 |
|
|
|a xv, 576 pages,
|a 594 pages :
|b illustrations ;
|c 25 cm.
|
| 504 |
|
|
|a Includes bibliographical references and index.
|
| 541 |
1 |
|
|e 00014560
|
| 650 |
|
0 |
|a Electrodynamics.
|9 26245
|
| 650 |
|
0 |
|a Computer science.
|
| 852 |
4 |
|
|a Ayesha Abed Library
|c General Stacks
|
| 942 |
0 |
0 |
|0 1
|2 ddc
|c BK
|
| 999 |
|
|
|c 1053
|d 1053
|
| 952 |
|
|
|0 0
|1 0
|2 ddc
|4 0
|6 537_600000000000000_GRI_2004
|7 0
|9 956
|a BRACUL
|b BRACUL
|c GEN
|d 2009-06-24
|g 302.00
|l 18
|m 98
|o 537.6 GRI
|p 3010014560
|r 2024-09-01
|s 2024-02-13
|t 1
|w 2009-06-24
|y BK
|
| 952 |
|
|
|0 0
|1 0
|2 ddc
|4 0
|6 537_600000000000000_GRI_2004
|7 0
|9 8194
|a BRACUL
|b BRACUL
|c GEN
|d 2010-02-16
|l 12
|m 64
|o 537.6 GRI
|p 3010016253
|r 2024-02-25
|s 2023-12-10
|t 5
|w 2010-02-16
|y BK
|
| 952 |
|
|
|0 0
|1 0
|2 ddc
|4 0
|6 537_600000000000000_GRI_2006
|7 0
|9 9082
|a BRACUL
|b BRACUL
|c GEN
|d 2010-04-08
|l 11
|m 108
|o 537.6 GRI
|p 3010016190
|r 2023-01-23
|s 2022-06-05
|t 4
|w 2010-04-08
|y BK
|
| 952 |
|
|
|0 0
|1 0
|2 ddc
|4 0
|6 537_600000000000000_GRI_2006
|7 0
|9 9901
|a BRACUL
|b BRACUL
|c GEN
|d 2010-05-06
|l 13
|m 140
|o 537.6 GRI
|p 3010016188
|r 2023-02-22
|s 2023-02-19
|t 2
|w 2010-05-06
|y BK
|
| 952 |
|
|
|0 0
|1 0
|2 ddc
|4 0
|6 537_600000000000000_GRI_2006
|7 0
|9 9902
|a BRACUL
|b BRACUL
|c GEN
|d 2010-05-06
|l 14
|m 101
|o 537.6 GRI
|p 3010016189
|r 2026-02-17
|s 2026-02-02
|t 3
|w 2010-05-06
|y BK
|